| 000 | 00668nam a22002057a 4500 | ||
|---|---|---|---|
| 003 | OSt | ||
| 005 | 20221031200305.0 | ||
| 008 | 221006b |||||||| |||| 00| 0 eng d | ||
| 020 | _a87-90491-49-1 | ||
| 040 | _cBiblioteca Lado V | ||
| 082 |
_a750 _bD131o |
||
| 100 |
_9273 _aDahlin, Dorte _ecurador |
||
| 245 |
_aOverlaps/ _bContemporary Danish Art & Architecture/ |
||
| 260 |
_c2000 _bDepartment of Culture & Information _aEmiratos Arabes |
||
| 300 |
_a160p. _c18x24cm |
||
| 650 |
_2Tesauro de Arte & Arquitectura _aARTE CONTEMPORANEO |
||
| 650 |
_2Tesauro de Arte & Arquitectura _aARTE |
||
| 650 | _2CULTURA | ||
| 942 |
_2ddc _c1 _h750 _iD131o _n0 |
||
| 999 |
_c2450 _d2450 |
||